<?xml version="1.0" encoding="UTF-8"?>
<record
    xmlns:xsi="http://www.w3.org/2001/XMLSchema-instance"
    xsi:schemaLocation="http://www.loc.gov/MARC21/slim http://www.loc.gov/standards/marcxml/schema/MARC21slim.xsd"
    xmlns="http://www.loc.gov/MARC21/slim">

  <leader>00875nam a2200253 a 4500</leader>
  <controlfield tag="001">BRCA_7662</controlfield>
  <controlfield tag="005">20190320205932.0</controlfield>
  <controlfield tag="008">260713s1954----mx-a######---#000-0#spa-#</controlfield>
  <datafield tag="041" ind1=" " ind2=" ">
    <subfield code="a">spa</subfield>
  </datafield>
  <datafield tag="044" ind1=" " ind2=" ">
    <subfield code="a">mx</subfield>
  </datafield>
  <datafield tag="050" ind1=" " ind2="4">
    <subfield code="a">HD6473</subfield>
    <subfield code="b">.C37 1954</subfield>
  </datafield>
  <datafield tag="100" ind1="1" ind2=" ">
    <subfield code="a">Carrera Stampa, Manuel</subfield>
    <subfield code="9">18900</subfield>
  </datafield>
  <datafield tag="245" ind1="1" ind2="0">
    <subfield code="a">Los gremios mexicanos</subfield>
    <subfield code="b">la organizaci&#xF3;n gremial en Nueva Espa&#xF1;a 1521-1861</subfield>
    <subfield code="c">Manuel Carrera Stampa ; pr&#xF3;logo de Rafael Altamira.</subfield>
  </datafield>
  <datafield tag="260" ind1=" " ind2=" ">
    <subfield code="a">M&#xE9;xico</subfield>
    <subfield code="b">Ediapsa</subfield>
    <subfield code="c">1954</subfield>
  </datafield>
  <datafield tag="300" ind1=" " ind2=" ">
    <subfield code="a">xii, 399 p.</subfield>
    <subfield code="b">il., 12 l&#xE1;minas</subfield>
    <subfield code="c">23 cm.</subfield>
  </datafield>
  <datafield tag="440" ind1=" " ind2="0">
    <subfield code="a">Estudios hist&#xF3;rico-econ&#xF3;micos mexicanos de la C&#xE1;mara Nacional de la Industria de la Transformaci&#xF3;n</subfield>
    <subfield code="n">1</subfield>
    <subfield code="9">18901</subfield>
  </datafield>
  <datafield tag="500" ind1=" " ind2=" ">
    <subfield code="a">T82</subfield>
  </datafield>
  <datafield tag="650" ind1="1" ind2="4">
    <subfield code="a">Gremios</subfield>
    <subfield code="z">M&#xE9;xico</subfield>
    <subfield code="9">18902</subfield>
  </datafield>
  <datafield tag="650" ind1="1" ind2="4">
    <subfield code="a">Historia</subfield>
    <subfield code="z">M&#xE9;xico</subfield>
    <subfield code="9">10416</subfield>
  </datafield>
  <datafield tag="650" ind1="1" ind2="4">
    <subfield code="a">Gremios</subfield>
    <subfield code="z">Espa&#xF1;a</subfield>
    <subfield code="9">18903</subfield>
  </datafield>
  <datafield tag="700" ind1="1" ind2=" ">
    <subfield code="a">Altamira, Rafael</subfield>
    <subfield code="e">pr&#xF3;l.</subfield>
    <subfield code="9">18904</subfield>
  </datafield>
  <datafield tag="902" ind1=" " ind2=" ">
    <subfield code="a">GFM</subfield>
  </datafield>
  <datafield tag="942" ind1=" " ind2=" ">
    <subfield code="2">lcc</subfield>
    <subfield code="c">B</subfield>
  </datafield>
  <datafield tag="999" ind1=" " ind2=" ">
    <subfield code="c">7336</subfield>
    <subfield code="d">7336</subfield>
  </datafield>
  <datafield tag="952" ind1=" " ind2=" ">
    <subfield code="0">0</subfield>
    <subfield code="1">0</subfield>
    <subfield code="4">0</subfield>
    <subfield code="7">0</subfield>
    <subfield code="a">BRCA</subfield>
    <subfield code="b">BRCA</subfield>
    <subfield code="d">2013-07-25</subfield>
    <subfield code="i">T82</subfield>
    <subfield code="l">0</subfield>
    <subfield code="o">HD6473 .C37 1954 (T82)</subfield>
    <subfield code="p">8270</subfield>
    <subfield code="r">2019-03-22 00:00:00</subfield>
    <subfield code="w">2019-03-22</subfield>
    <subfield code="y">B</subfield>
  </datafield>
</record>
